| 000 | 00620nam a2200229 i 4500 | ||
|---|---|---|---|
| 001 | bg | ||
| 100 | 1 | _aBERGER, Marcin. | |
| 245 | 1 | 0 |
_aPoszukiwania przecieków sieci wodociągowych : _b[poradnik] / _cMarcin Berger, Maciej Ways. |
| 260 |
_aWarszawa : _b"Seidel-Przywecki", _c2003. |
||
| 300 |
_a95 s. : _bil. ; _c21 cm. |
||
| 504 | _aBibliogr. | ||
| 650 | 9 |
_aWodociągi _xprzecieki |
|
| 655 | _aPoradniki | ||
| 700 | 1 | _aWAYS, Maciej. | |
| 020 | _a8391080188 | ||
| 040 | _cBPK | ||
| 041 | 0 | _apl | |
| 080 | _a628.1(083.1) | ||
| 920 | _a83-910801-8-8 | ||
| 942 | _cKS | ||
| 008 | s pl f |000 0 pol | ||
| 999 |
_c41957 _d41957 |
||
| 856 |
_uhttp://koha.tu.koszalin.pl/cgi-bin/koha/opac-detail.pl?biblionumber=41957 _yKatalog online BPK |
||